[Event "Benedictine International 6th"]
[Site "Manchester"]
[Date "1983.09.09"]
[Round "3"]
[White "Forintos, Gyozo V"]
[Black "Smith, Alan A"]
[Result "1-0"]
[WhiteElo "2450"]
[BlackElo "2275"]
[PlyCount "89"]
[EventDate "1983.09.07"]
[EventType "swiss"]
[EventRounds "9"]
[EventCountry "ENG"]
[SourceTitle "BritBase"]
[Source "John Saunders"]
[SourceDate "2020.09.07"]
[SourceVersion "1"]
[SourceVersionDate "2020.09.07"]
[SourceQuality "2"]

1. c4 c5 2. Nf3 Nf6 3. d4 cxd4 4. Nxd4 g6 5. Nc3 Bg7 6. e4 Nc6 7. Nc2 O-O 8.
Be2 b6 9. O-O Bb7 10. f3 Rc8 11. Be3 Na5 12. Na3 d6 13. Rc1 Qd7 14. Qd2 Rfd8
15. Rfd1 Qe8 16. b3 Nc6 17. Nab5 Nd7 18. Nd5 Nc5 19. Bf1 Qf8 20. Re1 e6 21. Nb4
Nxb4 22. Qxb4 a5 23. Qd2 d5 24. cxd5 exd5 25. e5 d4 26. Bg5 f6 27. Bc4+ Kh8 28.
exf6 Bxf6 29. Rcd1 d3 30. Qf4 Bxg5 31. Qxg5 Rd7 32. Qe5+ Qg7 33. Qe8+ Qf8 34.
Qe3 Ba6 35. Rd2 Rcd8 36. Na3 Qf6 37. Bxa6 Nxa6 38. Nc4 Nc5 39. Qe5 Qxe5 40.
Rxe5 Rc7 41. Nxb6 Nxb3 42. axb3 Rc2 43. Rd1 a4 44. bxa4 d2 45. Kf2 {Source:
Bulletin 1983} 1-0

[Event "Benedictine International 6th"]
[Site "Manchester"]
[Date "1983.09.09"]
[Round "3"]
[White "Hebden, Mark L"]
[Black "Ciric, Dragoljub M"]
[Result "1/2-1/2"]
[WhiteElo "2495"]
[BlackElo "2410"]
[PlyCount "86"]
[EventDate "1983.09.07"]
[EventType "swiss"]
[EventRounds "9"]
[EventCountry "ENG"]
[SourceTitle "BritBase"]
[Source "John Saunders"]
[SourceDate "2020.09.07"]
[SourceVersion "1"]
[SourceVersionDate "2020.09.07"]
[SourceQuality "2"]

1. e4 c6 2. d4 d5 3. exd5 cxd5 4. c4 Nf6 5. Nc3 e6 6. Nf3 Bb4 7. cxd5 Nxd5 8.
Qc2 O-O 9. Bd3 h6 10. O-O Nc6 11. a3 Be7 12. Rd1 Bd7 13. Qe2 Re8 14. Bc2 Bf8
15. h4 Qc8 16. Qd3 f5 17. Nxd5 exd5 18. Bf4 Re4 19. Qd2 Na5 20. Bxe4 fxe4 21.
Ne5 Nb3 22. Qe3 Nxa1 23. Rxa1 Bd6 24. Qb3 Bc6 25. Qh3 Bxe5 26. Bxe5 Qd7 27. Qg3
Rf8 28. Rc1 Rf7 29. Rc3 a6 30. b4 Qf5 31. f4 exf3 32. Rxf3 Qd7 33. Rc3 Qf5 34.
Kh2 Kh7 35. Rf3 Qd7 36. h5 Rxf3 37. Qxf3 Kg8 38. Kg3 Qf7 39. Qxf7+ Kxf7 40. Kf4
Be8 41. Bc7 Ke6 42. Be5 Kf7 43. Bc7 Ke6 {Source: Bulletin 1983} 1/2-1/2

[Event "Benedictine International 6th"]
[Site "Manchester"]
[Date "1983.09.09"]
[Round "3"]
[White "Hebert, Jean"]
[Black "Kudrin, Sergey"]
[Result "1-0"]
[WhiteElo "2430"]
[BlackElo "2510"]
[PlyCount "89"]
[EventDate "1983.09.07"]
[EventType "swiss"]
[EventRounds "9"]
[EventCountry "ENG"]
[SourceTitle "BritBase"]
[Source "John Saunders"]
[SourceDate "2020.09.07"]
[SourceVersion "1"]
[SourceVersionDate "2020.09.07"]
[SourceQuality "2"]

1. g3 d5 2. Bg2 Nf6 3. f4 g6 4. d3 Bg7 5. c3 O-O 6. Nf3 c5 7. O-O Nc6 8. Na3 b6
9. Qa4 Bb7 10. e4 a6 11. e5 Ne8 12. d4 f5 13. dxc5 bxc5 14. Be3 Qc7 15. Ng5 Nd8
16. Rfd1 e6 17. b4 h6 18. Nf3 Bc6 19. Qc2 Nb7 20. Qf2 Ba4 21. Rdc1 c4 22. Nd4
Qc8 23. Nb1 Rf7 24. Nd2 Bf8 25. h3 Nd8 26. g4 Nc6 27. gxf5 gxf5 28. Kh2 Nxd4
29. Bxd4 Kh7 30. Bf3 Rb8 31. Bh5 Rg7 32. Nf3 Nc7 33. Rg1 Be8 34. Rxg7+ Bxg7 35.
Bxe8 Qxe8 36. a4 Bf8 37. Rg1 Be7 38. Bb6 Na8 39. Ba5 Rb7 40. Qg3 Qf7 41. Nd4
Bf8 42. Nc6 Qg7 43. Qf3 Qd7 44. Nd8 Ra7 45. Qh5 {Source: Bulletin 1983} 1-0

[Event "Benedictine International 6th"]
[Site "Manchester"]
[Date "1983.09.09"]
[Round "3"]
[White "Hodgson, Julian M"]
[Black "Gutman, Lev"]
[Result "1/2-1/2"]
[WhiteElo "2385"]
[BlackElo "2440"]
[PlyCount "88"]
[EventDate "1983.09.07"]
[EventType "swiss"]
[EventRounds "9"]
[EventCountry "ENG"]
[SourceTitle "BritBase"]
[Source "John Saunders"]
[SourceDate "2020.09.07"]
[SourceVersion "1"]
[SourceVersionDate "2020.09.07"]
[SourceQuality "2"]

1. Nf3 Nf6 2. b3 g6 3. Bb2 Bg7 4. e3 O-O 5. c4 c5 6. Nc3 d5 7. Nxd5 Nxd5 8.
Bxg7 Nxe3 9. fxe3 Kxg7 10. Qc2 Nc6 11. Qc3+ f6 12. Be2 Qd6 13. d4 Bg4 14. d5
Bxf3 15. gxf3 Qe5 16. Qxe5 Nxe5 17. f4 Nf7 18. h4 f5 19. O-O-O a5 20. a4 Rad8
21. Bf3 b6 22. Rde1 Nd6 23. h5 Rde8 24. Rh3 Kf6 25. Kd2 Rg8 26. Rh2 g5 27. e4
e5 28. dxe6 fxe4 29. Bxe4 Nxe4+ 30. Rxe4 g4 31. Ke3 Rxe6 32. Rxe6+ Kxe6 33. Rd2
Rf8 34. Ke4 Rf5 35. Rh2 Rf8 36. Rd2 Rf5 37. Rg2 Rxh5 38. Rxg4 Rh3 39. Rg7 Kf6
40. Rb7 Rxb3 41. Rxh7 Rb4 42. Kd5 Kf5 43. Rf7+ Kg6 44. Rb7 Kf5 {Source:
Bulletin 1983} 1/2-1/2

[Event "Benedictine International 6th"]
[Site "Manchester"]
[Date "1983.09.09"]
[Round "3"]
[White "Jacobs, Byron A"]
[Black "Ivkov, Borislav"]
[Result "0-1"]
[WhiteElo "2255"]
[BlackElo "2465"]
[PlyCount "76"]
[EventDate "1983.09.07"]
[EventType "swiss"]
[EventRounds "9"]
[EventCountry "ENG"]
[SourceTitle "BritBase"]
[Source "John Saunders"]
[SourceDate "2020.09.07"]
[SourceVersion "1"]
[SourceVersionDate "2020.09.07"]
[SourceQuality "2"]

1. Nf3 Nf6 2. d4 e6 3. c4 Bb4+ 4. Bd2 Qe7 5. g3 Bxd2+ 6. Qxd2 d6 7. Nc3 O-O 8.
Bg2 e5 9. O-O Re8 10. e4 Bg4 11. d5 Bxf3 12. Bxf3 a5 13. a3 Na6 14. Rae1 c6 15.
b4 axb4 16. axb4 c5 17. b5 Nb4 18. Ra1 Nd7 19. Be2 Nb6 20. h4 Reb8 21. Kg2 Qd8
22. h5 h6 23. f4 Qf6 24. f5 Qg5 25. Qb2 Rxa1 26. Rxa1 Qe3 27. f6 Nd3 28. Qb1
Nf4+ 29. gxf4 Qxc3 30. Qe1 Qxe1 31. Rxe1 Nd7 32. fxg7 exf4 33. Kf3 Ra8 34. Rg1
Ra2 35. Bf1 Ra1 36. Kf2 Ne5 37. b6 Ra2+ 38. Be2 f3 {Source: Bulletin 1983} 0-1

[Event "Benedictine International 6th"]
[Site "Manchester"]
[Date "1983.09.09"]
[Round "3"]
[White "Kraidman, Yair"]
[Black "Martin, Andrew D"]
[Result "1-0"]
[WhiteElo "2410"]
[BlackElo "2345"]
[PlyCount "65"]
[EventDate "1983.09.07"]
[EventType "swiss"]
[EventRounds "9"]
[EventCountry "ENG"]
[SourceTitle "BritBase"]
[Source "John Saunders"]
[SourceDate "2020.09.07"]
[SourceVersion "1"]
[SourceVersionDate "2020.09.07"]
[SourceQuality "2"]

1. d4 Nf6 2. c4 g6 3. Nc3 Bg7 4. e4 d6 5. f3 O-O 6. Be3 a6 7. Qd2 Nc6 8. Nge2
Rb8 9. h4 h5 10. Nc1 e5 11. d5 Nd4 12. N1e2 c5 13. dxc6 bxc6 14. Nxd4 exd4 15.
Bxd4 Be6 16. Be2 Qa5 17. Rc1 Rfe8 18. b3 Kh7 19. Be3 Rbd8 20. Kf2 Qe5 21. Rhd1
Bc8 22. Bf4 Qc5+ 23. Kf1 Qa7 24. Bg5 Re6 25. Qf4 Rde8 26. Rxd6 Ng4 27. fxg4 Be5
28. Rxe6 Bxf4 29. Rxe8 Bh2 30. Bf3 hxg4 31. Bf6 Qg1+ 32. Ke2 gxf3+ 33. Kxf3 {
Source: Bulletin 1983} 1-0

[Event "Benedictine International 6th"]
[Site "Manchester"]
[Date "1983.09.09"]
[Round "3"]
[White "Lawton, Geoffrey W"]
[Black "Bilek, Istvan"]
[Result "1-0"]
[WhiteElo "2380"]
[BlackElo "2405"]
[PlyCount "49"]
[EventDate "1983.09.07"]
[EventType "swiss"]
[EventRounds "9"]
[EventCountry "ENG"]
[SourceTitle "BritBase"]
[Source "John Saunders"]
[SourceDate "2020.09.07"]
[SourceVersion "1"]
[SourceVersionDate "2020.09.07"]
[SourceQuality "2"]

1. e4 c5 2. Nf3 d6 3. Bb5+ Nd7 4. d4 cxd4 5. Qxd4 a6 6. Bxd7+ Bxd7 7. Bg5 f6 8.
Be3 Rc8 9. Nc3 e5 10. Qa7 Rxc3 11. bxc3 Bc6 12. Nd2 f5 13. exf5 Qc8 14. O-O Nf6
15. f4 Qxf5 16. fxe5 Qg6 17. Nf3 Ng4 18. Rae1 Kd7 19. e6+ Qxe6 20. Nd4 Qe5 21.
Bf4 Qd5 22. Nxc6 Kxc6 23. Re8 g5 24. Bg3 Bg7 25. Re7 {Source: Bulletin 1983}
1-0

[Event "Benedictine International 6th"]
[Site "Manchester"]
[Date "1983.09.09"]
[Round "3"]
[White "Razuvaev, Yuri S"]
[Black "Thipsay, Praveen Mahadeo"]
[Result "1/2-1/2"]
[WhiteElo "2525"]
[BlackElo "2425"]
[PlyCount "110"]
[EventDate "1983.09.07"]
[EventType "swiss"]
[EventRounds "9"]
[EventCountry "ENG"]
[SourceTitle "BritBase"]
[Source "John Saunders"]
[SourceDate "2020.09.07"]
[SourceVersion "1"]
[SourceVersionDate "2020.09.07"]
[SourceQuality "2"]

1. d4 Nf6 2. c4 g6 3. Nf3 Bg7 4. g3 O-O 5. Bg2 d5 6. cxd5 Nxd5 7. O-O Nb6 8.
Nc3 Nc6 9. d5 Na5 10. e4 c6 11. Bg5 h6 12. Bf4 cxd5 13. Nxd5 Nac4 14. b3 Nxd5
15. exd5 Nb6 16. d6 exd6 17. Bxd6 Bxa1 18. Bxf8 Qxd1 19. Rxd1 Kxf8 20. Rxa1 Be6
21. Ne5 Rb8 22. Re1 Kg7 23. Rd1 Kf6 24. Nd3 Nd5 25. Nc5 Nc3 26. Rd2 b6 27. Nd7+
Bxd7 28. Rxd7 a5 29. a3 b5 30. Rc7 b4 31. axb4 axb4 32. Bf1 Ne4 33. Bg2 Nd6 34.
Rc6 Ke7 35. Bd5 Rb5 36. Bf3 Rf5 37. Kg2 Rb5 38. h4 h5 39. Ra6 Rb8 40. Be2 Rb7
41. Bf3 Rb8 42. Bc6 Ke6 43. Kf3 Ke5 44. Ra5+ Ke6 45. Bd5+ Kf6 46. Ke3 Rc8 47.
Kf4 Rc7 48. Ra6 Ke7 49. Ke5 f6+ 50. Kf4 Rc5 51. Ra7+ Kf8 52. Ra8+ Ke7 53. Ra7+
Kf8 54. Be6 g5+ 55. Kf3 Re5 {Source: Bulletin 1983} 1/2-1/2

[Event "Benedictine International 6th"]
[Site "Manchester"]
[Date "1983.09.09"]
[Round "3"]
[White "Regan, Kenneth"]
[Black "Orr, Mark JL"]
[Result "1-0"]
[WhiteElo "2435"]
[BlackElo "2260"]
[PlyCount "71"]
[EventDate "1983.09.07"]
[EventType "swiss"]
[EventRounds "9"]
[EventCountry "ENG"]
[SourceTitle "BritBase"]
[Source "John Saunders"]
[SourceDate "2020.09.07"]
[SourceVersion "1"]
[SourceVersionDate "2020.09.07"]
[SourceQuality "2"]

1. e4 c6 2. c4 e5 3. Nf3 Qc7 4. d4 Bb4+ 5. Nc3 d6 6. Qb3 c5 7. d5 Ne7 8. Bd3
O-O 9. a3 Bxc3+ 10. Qxc3 a5 11. b3 Na6 12. Bd2 b6 13. Nh4 Qd8 14. g3 Bh3 15. f4
exf4 16. O-O-O f3 17. Bf1 Bd7 18. Bf4 Nc8 19. Nxf3 a4 20. e5 axb3 21. Bd3 Bg4
22. Rhf1 Bxf3 23. Rxf3 b5 24. Bb1 bxc4 25. Qxc4 b2+ 26. Kxb2 dxe5 27. Bxe5 Nd6
28. Qg4 g6 29. Qf4 Rb8+ 30. Ka1 Rb6 31. g4 Nc7 32. Qh6 f6 33. Bxg6 Qe7 34. Bxf6
Rxf6 35. Bxh7+ Kf7 36. Qg6+ {Source: Bulletin 1983} 1-0

[Event "Benedictine International 6th"]
[Site "Manchester"]
[Date "1983.09.09"]
[Round "3"]
[White "Short, Nigel D"]
[Black "De Boer, Gert Jan"]
[Result "1/2-1/2"]
[WhiteElo "2475"]
[BlackElo "2330"]
[PlyCount "70"]
[EventDate "1983.09.07"]
[EventType "swiss"]
[EventRounds "9"]
[EventCountry "ENG"]
[SourceTitle "BritBase"]
[Source "John Saunders"]
[SourceDate "2020.09.07"]
[SourceVersion "1"]
[SourceVersionDate "2020.09.07"]
[SourceQuality "2"]

1. e4 c5 2. Nf3 e6 3. d4 cxd4 4. Nxd4 Nf6 5. Nc3 d6 6. g4 Nc6 7. g5 Nd7 8. Be3
Be7 9. h4 O-O 10. Qd2 a6 11. O-O-O Nxd4 12. Qxd4 b5 13. f4 Bb7 14. Rg1 Re8 15.
h5 e5 16. Qd2 exf4 17. Bxf4 Ne5 18. Rg3 Bf8 19. Kb1 Rc8 20. Qh2 Qa5 21. g6 fxg6
22. Bxe5 Rxe5 23. hxg6 h6 24. Qf2 Bxe4 25. Nxe4 Rxe4 26. Bg2 Re5 27. Rc3 Qd8
28. Bd5+ Kh8 29. Qf7 Be7 30. Rh1 Bg5 31. Rch3 Bh4 32. a3 Rc7 33. Qf3 Bg5 34.
Bf7 Rc8 35. Qg4 Rc7 {Source: Bulletin 1983} 1/2-1/2

[Event "Benedictine International 6th"]
[Site "Manchester"]
[Date "1983.09.09"]
[Round "3"]
[White "Tangborn, Eric"]
[Black "Farrand, Tom"]
[Result "1-0"]
[WhiteElo "2290"]
[BlackElo "2205"]
[PlyCount "47"]
[EventDate "1983.09.07"]
[EventType "swiss"]
[EventRounds "9"]
[EventCountry "ENG"]
[SourceTitle "BritBase"]
[Source "John Saunders"]
[SourceDate "2020.09.07"]
[SourceVersion "1"]
[SourceVersionDate "2020.09.07"]
[SourceQuality "2"]

1. c4 b6 2. Nc3 Bb7 3. Nf3 e6 4. e4 Bb4 5. Bd3 Ne7 6. O-O O-O 7. a3 Bxc3 8.
dxc3 f5 9. exf5 Nxf5 10. Nd4 Qh4 11. Nxf5 exf5 12. Re1 d6 13. Bf1 f4 14. c5 Nd7
15. cxd6 Nf6 16. g3 fxg3 17. fxg3 Qg4 18. Qxg4 Nxg4 19. h3 Nf6 20. dxc7 Rac8
21. Bf4 Nh5 22. Bd6 Rf6 23. Be5 Rg6 24. Rad1 {Source: Bulletin 1983} 1-0

[Event "Benedictine International 6th"]
[Site "Manchester"]
[Date "1983.09.10"]
[Round "4"]
[White "Bilek, Istvan"]
[Black "O'Brien, Richard W"]
[Result "1-0"]
[WhiteElo "2405"]
[BlackElo "2205"]
[PlyCount "65"]
[EventDate "1983.09.07"]
[EventType "swiss"]
[EventRounds "9"]
[EventCountry "ENG"]
[SourceTitle "BritBase"]
[Source "John Saunders"]
[SourceDate "2020.09.07"]
[SourceVersion "1"]
[SourceVersionDate "2020.09.07"]
[SourceQuality "2"]

1. Nf3 d5 2. g3 c5 3. Bg2 Nc6 4. d4 Nf6 5. O-O e6 6. c4 Be7 7. cxd5 exd5 8. Nc3
O-O 9. b3 Bg4 10. dxc5 Bxc5 11. Bb2 Re8 12. Rc1 Rc8 13. h3 Bh5 14. g4 Bg6 15.
Nh4 d4 16. Na4 Bd6 17. Nxg6 hxg6 18. Bxc6 bxc6 19. Qxd4 Rxe2 20. Rfd1 Re6 21.
Nc5 Re2 22. Nb7 Qd7 23. Nxd6 c5 24. Qc4 Rxb2 25. Nxc8 Qxc8 26. Rc2 Rxc2 27.
Qxc2 Qc6 28. Qd3 Qe6 29. f3 Kh7 30. Kg2 Ng8 31. Rc1 Ne7 32. Rxc5 f6 33. Qe4 {
Source: Bulletin 1983} 1-0

[Event "Benedictine International 6th"]
[Site "Manchester"]
[Date "1983.09.10"]
[Round "4"]
[White "Britton, Richard"]
[Black "Regan, Kenneth"]
[Result "1/2-1/2"]
[WhiteElo "2325"]
[BlackElo "2435"]
[PlyCount "59"]
[EventDate "1983.09.07"]
[EventType "swiss"]
[EventRounds "9"]
[EventCountry "ENG"]
[SourceTitle "BritBase"]
[Source "John Saunders"]
[SourceDate "2020.09.07"]
[SourceVersion "1"]
[SourceVersionDate "2020.09.07"]
[SourceQuality "2"]

1. e4 c5 2. Nf3 g6 3. d4 Bg7 4. c4 d6 5. Nc3 Qa5 6. dxc5 Nf6 7. Nd2 Qxc5 8. Be2
Nbd7 9. O-O a6 10. Rb1 e6 11. b4 Qc7 12. Bb2 O-O 13. Kh1 b6 14. f4 Bb7 15. Bf3
Rfd8 16. Qe1 e5 17. f5 b5 18. cxb5 gxf5 19. exf5 d5 20. a4 e4 21. Bd1 d4 22.
Ncxe4 Nxe4 23. Nxe4 Re8 24. Bf3 Bxe4 25. Bxe4 Nf6 26. Bxa8 Rxe1 27. Rfxe1 Ng4
28. g3 Qc2 29. Bg2 Ne3 30. Bb7 {Source: Bulletin 1983} 1/2-1/2

[Event "Benedictine International 6th"]
[Site "Manchester"]
[Date "1983.09.10"]
[Round "4"]
[White "De Boer, Gert Jan"]
[Black "Kraidman, Yair"]
[Result "0-1"]
[WhiteElo "2330"]
[BlackElo "2410"]
[PlyCount "74"]
[EventDate "1983.09.07"]
[EventType "swiss"]
[EventRounds "9"]
[EventCountry "ENG"]
[SourceTitle "BritBase"]
[Source "John Saunders"]
[SourceDate "2020.09.07"]
[SourceVersion "1"]
[SourceVersionDate "2020.09.07"]
[SourceQuality "2"]

1. d4 Nf6 2. c4 c5 3. d5 g6 4. Nc3 d6 5. e4 Bg7 6. Nf3 O-O 7. Bg5 h6 8. Bh4 g5
9. Bg3 Nh5 10. Be2 Nd7 11. O-O Nxg3 12. hxg3 a6 13. a4 Ne5 14. Nxe5 Bxe5 15. g4
e6 16. g3 f5 17. gxf5 exf5 18. exf5 Bxf5 19. Bg4 Bg6 20. Qd2 Qf6 21. Ra3 Bxg3
22. Ne4 Bxe4 23. Rxg3 Qf4 24. Be6+ Kg7 25. Qa5 Rf6 26. Qc7+ Kg6 27. Rg4 Qf3 28.
Rxe4 Qxe4 29. Qxd6 Qxc4 30. f4 gxf4 31. Rf2 Qd4 32. Kf1 f3 33. Qg3+ Kh7 34. Kg1
Rxe6 35. Qc7+ Kh8 36. dxe6 Rg8+ 37. Kh1 Qd1+ {Source: Bulletin 1983} 0-1

[Event "Benedictine International 6th"]
[Site "Manchester"]
[Date "1983.09.10"]
[Round "4"]
[White "Gutman, Lev"]
[Black "Forintos, Gyozo V"]
[Result "1-0"]
[WhiteElo "2440"]
[BlackElo "2450"]
[PlyCount "101"]
[EventDate "1983.09.07"]
[EventType "swiss"]
[EventRounds "9"]
[EventCountry "ENG"]
[SourceTitle "BritBase"]
[Source "John Saunders"]
[SourceDate "2020.09.07"]
[SourceVersion "1"]
[SourceVersionDate "2020.09.07"]
[SourceQuality "2"]

1. Nf3 c5 2. g3 g6 3. Bg2 Bg7 4. d4 cxd4 5. Nxd4 Nc6 6. Nxc6 bxc6 7. O-O Qc7 8.
Nd2 Nf6 9. Nb3 d6 10. Bd2 Nd7 11. Qc1 Rb8 12. Bh6 Bf6 13. Rb1 Ne5 14. Nd2 d5
15. Nf3 Nc4 16. e4 Rxb2 17. Rxb2 Bxb2 18. Qe1 Ba6 19. exd5 cxd5 20. Qb4 Qb6 21.
Qa4+ Qb5 22. Qxb5+ Bxb5 23. Rb1 Ba4 24. Rxb2 Nxb2 25. Bg7 Rg8 26. Bxb2 Bxc2 27.
Ne5 Be4 28. f3 Bb1 29. Bf1 f6 30. Bb5+ Kf8 31. Nd7+ Kf7 32. a4 Rc8 33. f4 Bf5
34. a5 Rc2 35. Bd4 a6 36. Bxa6 Bxd7 37. Bf1 Ra2 38. a6 Bc8 39. a7 e5 40. Bb6
Bb7 41. g4 Ke6 42. g5 d4 43. Bc4+ Kd6 44. Bxa2 fxg5 45. fxe5+ Kxe5 46. Bc4 Ke4
47. Bf1 d3 48. Bg2+ Kf4 49. Bc7+ Ke3 50. Bxb7 d2 51. Bf3 {Source: Bulletin 1983
} 1-0

[Event "Benedictine International 6th"]
[Site "Manchester"]
[Date "1983.09.10"]
[Round "4"]
[White "Hebert, Jean"]
[Black "Razuvaev, Yuri S"]
[Result "0-1"]
[WhiteElo "2430"]
[BlackElo "2525"]
[PlyCount "100"]
[EventDate "1983.09.07"]
[EventType "swiss"]
[EventRounds "9"]
[EventCountry "ENG"]
[SourceTitle "BritBase"]
[Source "John Saunders"]
[SourceDate "2020.09.07"]
[SourceVersion "1"]
[SourceVersionDate "2020.09.07"]
[SourceQuality "2"]

1. Nf3 c5 2. g3 Nc6 3. Bg2 g6 4. O-O Bg7 5. c4 e5 6. Nc3 Nge7 7. a3 a5 8. d3
O-O 9. Bg5 f6 10. Bd2 d6 11. Ne1 f5 12. f4 Be6 13. Nd5 Bf7 14. Rb1 Rb8 15. a4
Nb4 16. Qb3 Nexd5 17. cxd5 b5 18. axb5 Qb6 19. Kh1 Qxb5 20. e4 fxe4 21. dxe4
Qe2 22. Qd1 Qxd1 23. Rxd1 exf4 24. Bxf4 Rb6 25. Rd2 c4 26. Be3 Rbb8 27. Bd4
Rfe8 28. Bc3 Rb7 29. Rdf2 h6 30. h4 Na6 31. Rc2 Nc5 32. Bxg7 Kxg7 33. Rxc4 Rxb2
34. Nc2 a4 35. Ra1 Re7 36. Nd4 Reb7 37. Ra3 R7b4 38. Rxb4 Rxb4 39. Nc6 Rb3 40.
Ra1 Rxg3 41. Kh2 Rd3 42. e5 dxe5 43. Nxe5 Rd2 44. Nxf7 Kxf7 45. Rc1 Nd3 46.
Rc7+ Kf6 47. Kg3 a3 48. Ra7 a2 49. Bf1 Nb4 50. Bc4 Rc2 {Source: Bulletin 1983}
0-1

[Event "Benedictine International 6th"]
[Site "Manchester"]
[Date "1983.09.10"]
[Round "4"]
[White "Kudrin, Sergey"]
[Black "Lane, Gary William"]
[Result "1-0"]
[WhiteElo "2510"]
[BlackElo "2270"]
[PlyCount "93"]
[EventDate "1983.09.07"]
[EventType "swiss"]
[EventRounds "9"]
[EventCountry "ENG"]
[SourceTitle "BritBase"]
[Source "John Saunders"]
[SourceDate "2020.09.07"]
[SourceVersion "1"]
[SourceVersionDate "2020.09.07"]
[SourceQuality "2"]

1. e4 e5 2. Nf3 Nc6 3. Bc4 Bc5 4. c3 Nf6 5. b4 Bb6 6. d3 d6 7. O-O Ne7 8. Bb3
O-O 9. Nbd2 c6 10. Re1 Ng6 11. Nf1 Be6 12. Ng3 Qd7 13. Bg5 Ne8 14. d4 exd4 15.
Nxd4 h6 16. Be3 Nf6 17. Nh5 Nxh5 18. Nxe6 fxe6 19. Qxh5 Kh7 20. Rad1 e5 21. Rd2
Nf4 22. Qd1 Rf6 23. Bc4 Raf8 24. Bf1 Qf7 25. a4 Qg6 26. Kh1 Bc7 27. a5 a6 28.
Bb6 Bxb6 29. axb6 Nh5 30. f3 Kh8 31. Re3 Qg5 32. Qe1 Rg6 33. Red3 Qd8 34. Qd1
Rff6 35. g3 Qxb6 36. Bh3 Rf8 37. f4 exf4 38. Qxh5 Rgf6 39. Rxd6 Rxd6 40. Rxd6
Qf2 41. Rxh6+ gxh6 42. Qxh6+ Kg8 43. Be6+ Rf7 44. Qg6+ Kh8 45. Qh5+ Rh7 46.
Qe8+ Kg7 47. Qf7+ {Source: Bulletin 1983} 1-0

[Event "Benedictine International 6th"]
[Site "Manchester"]
[Date "1983.09.10"]
[Round "4"]
[White "Shabtai, Ran"]
[Black "Davies, Nigel Rodney"]
[Result "1-0"]
[WhiteElo "2280"]
[BlackElo "2375"]
[PlyCount "65"]
[EventDate "1983.09.07"]
[EventType "swiss"]
[EventRounds "9"]
[EventCountry "ENG"]
[SourceTitle "BritBase"]
[Source "John Saunders"]
[SourceDate "2020.09.07"]
[SourceVersion "1"]
[SourceVersionDate "2020.09.07"]
[SourceQuality "2"]

1. e4 g6 2. d4 Bg7 3. c3 d6 4. f4 Nf6 5. Bd3 e5 6. Nf3 exd4 7. cxd4 O-O 8. O-O
Nc6 9. Nc3 Bg4 10. Be3 Re8 11. h3 Bf5 12. Nd2 d5 13. exf5 Rxe3 14. Nf3 Ne4 15.
f6 Bxf6 16. Ne5 Nxd4 17. Ng4 Nxc3 18. bxc3 Re8 19. cxd4 Bxd4+ 20. Kh1 c5 21. f5
Qg5 22. Rb1 h5 23. Nh2 Re3 24. Nf3 Qg3 25. fxg6 fxg6 26. Bxg6 Qxg6 27. Nxd4
cxd4 28. Qxd4 Rd3 29. Qf4 Qg7 30. Qf5 Rd2 31. Qe6+ Kh8 32. g4 hxg4 33. Rf5 {
Source: Bulletin 1983} 1-0

[Event "Benedictine International 6th"]
[Site "Manchester"]
[Date "1983.09.10"]
[Round "4"]
[White "Tarjan, James Edward"]
[Black "Morrison, Chris"]
[Result "1-0"]
[WhiteElo "2535"]
[BlackElo "2210"]
[PlyCount "77"]
[EventDate "1983.09.07"]
[EventType "swiss"]
[EventRounds "9"]
[EventCountry "ENG"]
[SourceTitle "BritBase"]
[Source "John Saunders"]
[SourceDate "2020.09.07"]
[SourceVersion "1"]
[SourceVersionDate "2020.09.07"]
[SourceQuality "2"]

1. e4 e5 2. Nf3 d6 3. Bc4 Be7 4. d4 exd4 5. Nxd4 Nf6 6. Nc3 O-O 7. O-O Nxe4 8.
Nxe4 d5 9. Bd3 dxe4 10. Bxe4 Nd7 11. Nf5 Bf6 12. c3 Nc5 13. Bc2 Qxd1 14. Rxd1
Be6 15. Nd4 Bd7 16. Bf4 Rac8 17. Nb3 Nxb3 18. axb3 Rfd8 19. Be4 Be6 20. Rxd8+
Rxd8 21. h3 g5 22. Be3 b6 23. b4 Bd5 24. Bxd5 Rxd5 25. g4 a5 26. c4 Rd3 27.
bxa5 Bxb2 28. axb6 cxb6 29. Ra6 h6 30. Rxb6 Be5 31. Kg2 Kg7 32. Kf3 Rc3 33. Ke4
f6 34. c5 h5 35. Kf5 h4 36. Rb1 Rc4 37. Rc1 Ra4 38. Bxg5 fxg5 39. Kxe5 {
Source: Bulletin 1983} 1-0

[Event "Benedictine International 6th"]
[Site "Manchester"]
[Date "1983.09.10"]
[Round "4"]
[White "Thipsay, Praveen Mahadeo"]
[Black "Hodgson, Julian M"]
[Result "0-1"]
[WhiteElo "2425"]
[BlackElo "2385"]
[PlyCount "80"]
[EventDate "1983.09.07"]
[EventType "swiss"]
[EventRounds "9"]
[EventCountry "ENG"]
[SourceTitle "BritBase"]
[Source "John Saunders"]
[SourceDate "2020.09.07"]
[SourceVersion "1"]
[SourceVersionDate "2020.09.07"]
[SourceQuality "2"]

1. e4 c6 2. d4 d5 3. exd5 cxd5 4. c4 Nf6 5. Nc3 g6 6. cxd5 Bg7 7. Qb3 O-O 8.
Be2 Nbd7 9. Bf3 Nb6 10. Bg5 Bf5 11. a4 a5 12. Qb5 Ne8 13. Qe2 Nd6 14. g4 Bd7
15. Bxe7 Qc7 16. Bxf8 Rxf8 17. Qd3 f5 18. g5 Qd8 19. h4 Nxa4 20. Qc2 Nxc3 21.
bxc3 Bb5 22. Ne2 Re8 23. Kf1 Qc7 24. Kg2 Bxe2 25. Bxe2 Bxd4 26. Rac1 Bxf2 27.
Bf3 Ne4 28. Rh3 Qf4 29. Bxe4 fxe4 30. d6 e3 31. Qe2 Qxd6 32. h5 Qd5+ 33. Kh2
Qe5+ 34. Kh1 Qd5+ 35. Kh2 Qd2 36. Qc4+ Kh8 37. hxg6 Bh4+ 38. Kh1 Qxc1+ 39. Kg2
Qd2+ 40. Kh1 e2 {Source: Bulletin 1983} 0-1

[Event "Benedictine International 6th"]
[Site "Manchester"]
[Date "1983.09.10"]
[Round "4"]
[White "Tisdall, Jonathan D"]
[Black "Hebden, Mark L"]
[Result "0-1"]
[WhiteElo "2420"]
[BlackElo "2495"]
[PlyCount "52"]
[EventDate "1983.09.07"]
[EventType "swiss"]
[EventRounds "9"]
[EventCountry "ENG"]
[SourceTitle "BritBase"]
[Source "John Saunders"]
[SourceDate "2020.09.07"]
[SourceVersion "1"]
[SourceVersionDate "2020.09.07"]
[SourceQuality "2"]

1. Nf3 Nf6 2. c4 g6 3. Nc3 Bg7 4. e4 O-O 5. d4 d6 6. Be3 c5 7. dxc5 Qa5 8. Bd3
dxc5 9. h3 Nc6 10. O-O Nd7 11. Bd2 Qd8 12. Rc1 b6 13. Qe2 Bb7 14. Bg5 Qb8 15.
Bb1 Nde5 16. Nxe5 Qxe5 17. f4 Qd6 18. Rcd1 Nd4 19. Qd3 Rad8 20. Nd5 f6 21. Bh4
e6 22. e5 fxe5 23. fxe5 Qxe5 24. Ne7+ Kh8 25. Nxg6+ hxg6 26. Qxg6 Qe3+ {
Source: Bulletin 1983 & BCM, Nov 1983, p484} 0-1